000 00571nam a2200193Ia 4500
003 IN-BaIIA
008 211028s9999 xx 000 0 eng d
040 _cIIA Library
080 _a531.6
_bLAN
100 _aLanghaar, Henry L
_99406
245 0 _aEnergy methods in applied mechanics
_cHenry L Langhaar
260 _aNew York
_bJohn Wiley & Sons
_c1962
300 _axiv, 350p.
650 _aDeformable bodies
_99407
650 _aMechanics
650 _aNASA thesaurus
650 _aTheory of vibrations
_99408
942 _cBK
999 _c5409
_d5409